San Antonio de Padua

Bewaard in:
Bibliografische gegevens
Hoofdauteur: Cherance, Leopoldo de (Auteur)
Formaat: Boek
Taal:Spaans
Gepubliceerd in: Barcelona Tipografía Católica 1898
Onderwerpen:
Tags: Voeg label toe
Geen labels, Wees de eerste die dit record labelt!

MARC

LEADER 00000nam a2200000 a 4500
001 UCI6695
003 CL-VaPUC
005 20250227153809.0
008 080523e18980000SP |||||||||||||||||spa|d
999 |c 330145  |d 330143 
040 |c Pontificia Universidad Católica de Valparaíso 
082 0 4 |a 922.22  |b CHE  |2 21 
100 |a Cherance, Leopoldo de  |e author  |9 529658 
245 1 0 |a San Antonio de Padua 
260 |a Barcelona  |b Tipografía Católica  |c 1898 
300 |a 256 p 
500 |a Donación Padres Capuchinos 
583 |a last modification  |c 20080523 00:00:00  |k Rodrigo Vera 
600 0 |a Antonio de Padua,  |c Santo,  |d 1195-1231  |x Biografías  |9 526352 
650 7 |a SANTOS  |2 CL-VaPUC  |9 313738 
650 0 |a Vida religiosa  |9 257284 
942 |c BK  |2 ddc 
945 |d 20080523 00:00:00  |a rbrito 
952 |0 0  |1 0  |4 0  |6 922_220000000000000_CHE_1898  |7 0  |8 X  |9 415529  |a FDOBUD  |b FDOBUD  |d 2019-11-22  |i 4443187  |o 922.22 CHE 1898  |p 4443187  |r 2019-11-22  |w 2019-11-22  |y BK_X  |k BUD